000 00672nam a2200217 i 4500
001 129891
003 ES-MaACL
005 20230906193612.0
007 t|
008 070710s1970 sp ||||1| spa d
100 1 _aZukofsky, Louis.
_9118441
245 1 0 _aFerdinand /
_cLouis Zukofsky ; [traducción de Aurora Campos y Juan antonio Matesanz].
260 _aBarcelona :
_bBarral,
_c1970.
300 _a104 p. ;
_c19 cm.
490 1 _aEdiciones de bolsillo ;
_v27
700 1 _aCampos, Aurora.
_934239
700 1 _aMatesanz, Juan Antonio.
_978999
830 0 _aEdiciones de bolsillo ;
_v27
_9180756
852 _aES-MaACL
_jC-50176
_bR.75482
999 _c129891
_d129891